000 00619nam a2200193Ia 4500
008 151121s9999||||xx |||||||||||||| ||und||
082 _a811/शर्मा
082 _bHNW-68616
100 _aशर्मा ओंकारनाथ
245 _aअन्तर आलोक
260 _b"प्रणव प्रकाशन, सोलापूर"
260 _c--
300 _a102
600 _aशर्मा ओंकारनाथ
630 _aअन्तर आलोक
700 _aशर्मा ओंकारनाथ
730 _aअन्तर आलोक
942 _cBOOK
999 _c1250110
_d1250107